Visualizzazione normale
Vista MARC
- Gaye Marvin
di Personal Name
Records bibliografici associati: 1
001 - CONTROL NUMBER
- control field: 20195
003 - CONTROL NUMBER IDENTIFIER
- control field: IT-RoPau
005 - DATE AND TIME OF LATEST TRANSACTION
- control field: 20140411093534.0
008 - FIXED-LENGTH DATA ELEMENTS
- fixed length control field: 140411|| aca||aabn | a|a d
040 ## - CATALOGING SOURCE
- Original cataloging agency: IT-RoPau
- Transcribing agency: IT-RoPau
100 ## - HEADING--PERSONAL NAME
- Personal name: Gaye Marvin
- Miscellaneous information: Codice autore SPICS: 28395
- Relator term: Autore
- Name of part/section of a work: What's Going On
670 ## - SOURCE DATA FOUND
- Source citation: Work cat.: (IT-RoPau)100130: AA.VV. 794, True Colors